Statistiques concernant Pays du Maghreb :

Cliquez ici pour prendre le quiz!

Statistiques générales

  • Ce quiz a été pris 65 fois
  • Le résultat moyen est 5 sur 5

Statistiques - réponses

Nombre Pays % Correct
3Maroc
100%
5Tunisie
98%
1Algérie
98%
2Libye
93%
4Mauritanie
64%

Distribution des résultats

Percentile by Number Answered

% des personnes avec chaque résultat

Votre développement - résultats

Vous n’avez pas pris ce quiz